Coupe du Monde 2022 - Liste Brésil - Statistiques

Statistiques générales
  • Ce quiz a été pris 1 120 fois
  • Le résultat moyen est 19 sur 27
Statistiques - réponses
Position Team Réponse % Correct
G Liverpool Alisson
97%
G Manchester City Ederson
96%
A Paris Saint-Germain Neymar
96%
A Réal Madrid Vinicius Junior
93%
D Paris Saint-Germain Marquinhos
91%
A Réal Madrid Rodrygo
90%
A Tottenham Richarlison
88%
D Chelsea Thiago Silva
88%
A Arsenal Gabriel Jesus
86%
D Réal Madrid Eder Militao
84%
M West Ham Lucas Paqueta
83%
M Manchester United Casemiro
81%
A Arsenal Gabriel Martinelli
79%
A Barcelone Raphinha
78%
A Manchester United Antony
77%
M Liverpool Fabinho
76%
D Juventus Danilo
74%
M Manchester United Fred
73%
M Newcastle Bruno Guimaraes
72%
D Juventus Bremer
66%
D Juventus Alex Sandro
64%
D Pumas Daniel Alves
57%
Coach Tite
48%
D Séville Alex Telles
37%
A Flamengo Pedro
27%
G Palmeiras Weverton
26%
M Flamengo Everton Ribeiro
10%
Aucun quiz correspondant
Distribution des résultats
% des personnes avec chaque résultat
Percentile par nombre de réponses
Votre historique - résultats
Vous n’avez pas pris ce quiz